Infancia y adolescencia: trabajo y otras actividades económicas (Registro nro. 4119)

Detalles MARC
000 -LEADER
fixed length control field 01313 a2200265 4500
001 - CONTROL NUMBER
control field 46036
005 - DATE AND TIME OF LATEST TRANSACTION
control field 20260407155733.0
008 - FIXED-LENGTH DATA ELEMENTS--GENERAL INFORMATION
fixed length control field 260407a2006 arg spa d
003 - CONTROL NUMBER IDENTIFIER
control field AR-UNSa-BCEJYS
040 ## - CATALOGING SOURCE
Original cataloging agency AR-UNSa-BCEJYS
Language of cataloging spa
Transcribing agency AR-UNSa-BCEJYS
080 ## - UNIVERSAL DECIMAL CLASSIFICATION NUMBER
Universal Decimal Classification number 331-053.2
Common auxiliary subdivision Trabajo Infantil
020 ## - INTERNATIONAL STANDARD BOOK NUMBER
International Standard Book Number 92-2-318684-6
041 ## - LANGUAGE CODE
Language code of text/sound track or separate title spa
100 1# - MAIN ENTRY--PERSONAL NAME
Personal name Argentina. Ministerio de Trabajo, Empleo y Seguridad Social
245 10 - TITLE STATEMENT
Title Infancia y adolescencia: trabajo y otras actividades económicas
264 #1 - PRODUCTION, PUBLICATION, DISTRIBUTION, MANUFACTURE, AND COPYRIGHT NOTICE
Place of production, publication, distribution, manufacture Buenos Aires :
Name of producer, publisher, distributor, manufacturer OIT
Date of production, publication, distribution, manufacture, or copyright notice 2006
300 ## - PHYSICAL DESCRIPTION
Extent 232 p.
Dimensions 28 cm.
505 ## - FORMATTED CONTENTS NOTE
Formatted contents note 1. Introducción - 2. Antecedentes de la EANNA - 3. Marco conceptual - 4. Situación del trabajo infantil en la semana de referencia - 5. Características educativas de los niños, niñas y adolescentes que trabajan - 6. Magnitud del trabajo infantil: niños, niñas y adolescentes que trabajaron alguna vez - 7. Condición socioeconómica infantil.
590 ## - LOCAL NOTE (RLIN)
Local note niveau_biblio:m niveau_hierar:0
700 1# - ADDED ENTRY--PERSONAL NAME
Personal name Organización Internacional del Trabajo (OIT)
700 1# - ADDED ENTRY--PERSONAL NAME
Personal name Instituto Nacional de Estadística y Censos (INDEC)
700 1# - ADDED ENTRY--PERSONAL NAME
Personal name International Programme on the Elimination of Child Labour (IPEC)
856 41 - ELECTRONIC LOCATION AND ACCESS
Uniform Resource Identifier <a href="https://www.biblioeco.unsa.edu.ar/pmb/images/libros/L127270.jpg">https://www.biblioeco.unsa.edu.ar/pmb/images/libros/L127270.jpg</a>
Link text Imagen de portada
Electronic format type image/jpeg
942 ## - ADDED ENTRY ELEMENTS (KOHA)
Koha item type
Existencias
Withdrawn status Lost status Damaged status Not for loan Home library Current library Shelving location Date acquired Total checkouts Full call number Barcode Date last seen Price effective from Koha item type
        Biblioteca Prof. Eusebio Cleto del Rey Biblioteca Prof. Eusebio Cleto del Rey   07/04/2026   331-053.2 O68n L127270 07/04/2026 07/04/2026 Libro